00373nam a2200157Ia 45000010006000000050017000060080041000230410008000640820013000721000039000852450038001242600009001623000028001716500008001996540008002072325920260414150925.0260414t2011||||xx |||||||||||||| ||spa|| aESP a628bD88 aDomingo Pinillos, Juan CarloseAUT 0aManual de obras civiles urbanasb c2011 a287 páginas :c24 cm. aCNM aCCN